000 00587nam a22001931 4500
001 142037
003 ES-MaACL
007 t|
008 071002s1942 sp ||||0| spa d
016 7 _zIND2000946389
040 _aM-BN
_bspa
_cCDM
080 _a619:618.2(021)
100 1 _aWilliams, Walter L.
_9116961
245 1 0 _aObstetricia veterinaria /
_cpor W. L. Williams ; traducida de la tercera edición inglesa.
260 _aBarcelona :
_bSalvat,
_c1942.
300 _aXX, 486 p., IV h. de lám. :
_bil. ;
_c25 cm.
852 _aES-MaACL
_jE-1908
_bR.22844
999 _c142037
_d142037